00616nam a2200145 a 450000500170000000800410001702000180005805000200007610000180009624500610011426000470017530000220022252002050024465000210044920140412111238.0010710s19uu xx 00 eng d a1-57082-512-2 aERbTo55fr 1996 aParent, Nancy aToy story: a friend is . . . /cwritten by Nancy Parent. aU. S. A :bDisney Enterprises, Inc,c1996. a1v. (unp.) ; ill. aTrue Blue Friends Woody and Buzz are friends to the end. How did this happen? The TOY STORY toys shows what friendship is really all about with page after page of increadible art right from the film! aToy story-Movies